[Event "Brandenburg-ch Seniors 17th"]
[Site "Rowy"]
[Date "2008.06.25"]
[Round "3"]
[White "Thur, Herbert"]
[Black "Fleiszerowicz, Leopold"]
[Result "1-0"]
[WhiteElo "1352"]
[BlackElo "1036"]
[PlyCount "78"]
[EventDate "2008.06.23"]
[EventType "swiss"]
[EventRounds "9"]
[EventCountry "POL"]
[SourceTitle "EXT 2022"]
[Source "ChessBase"]
[SourceDate "2021.10.06"]
[SourceVersion "1"]
[SourceVersionDate "2021.10.06"]
[SourceQuality "1"]

1. d4 d5 2. e3 e6 3. c4 c6 4. a4 Nf6 5. c5 Be7 6. b4 0-0 7. Nc3 Bd7 8. b5 Ne4 9. Nxe4 dxe4 10. Bb2 Bf6 11. a5 cxb5 12. Qb3 a6 13. Ne2 Nc6 14. Nc3 Nxa5 15. Qb4 Nc6 16. Qb3 Na5 17. Qc2 Bc6 18. Nxe4 Bxe4 19. Qxe4 Nc6 20. Bd3 g6 21. h4 Nb4 22. Bb1 Qd5 23. h5 Qxe4 24. Bxe4 Nc6 25. f4 g5 26. f5 exf5 27. Bxf5 h6 28. Kd2 Rad8 29. g4 Rfe8 30. Rae1 Re7 31. Rd1 Na5 32. Kc3 Nc4 33. Bc1 Rde8 34. e4 Rd8 35. e5 Bg7 36. Bd3 Red7 37. Bxc4 bxc4 38. Kxc4 Rd5 39. Bb2 Kf8 1-0

[Event "POL-ch Seniors 18th"]
[Site "Rowy"]
[Date "2007.09.13"]
[Round "6.21"]
[White "Fleiszerowicz, Leopold"]
[Black "Buczek, Stanislaw"]
[Result "1/2-1/2"]
[WhiteElo "1421"]
[BlackElo "1999"]
[PlyCount "72"]
[EventDate "2007.09.09"]
[EventType "swiss"]
[EventRounds "9"]
[EventCountry "POL"]
[SourceTitle "EXT 2023"]
[Source "ChessBase"]
[SourceDate "2022.10.05"]
[SourceVersion "1"]
[SourceVersionDate "2022.10.05"]
[SourceQuality "1"]

1. e4 e5 2. Nf3 Nc6 3. Bc4 Bb4 4. c3 Ba5 5. b4 Bb6 6. 0-0 Nf6 7. d3 d6 8. Qb3 0-0 9. Bg5 Qe7 10. h3 a5 11. b5 Nd8 12. a4 Be6 13. Bh4 h6 14. Nbd2 g5 15. Bg3 Nh5 16. Bh2 Nf4 17. Kh1 Kh7 18. Bxe6 Ndxe6 19. Qc2 Rg8 20. Bg3 Qf6 21. Rae1 h5 22. Bh2 g4 23. hxg4 hxg4 24. Ng1 Qh6 25. Nc4 Rg5 26. Nxb6 cxb6 27. g3 Ng6 28. Qd2 Rh8 29. f3 Kg7 30. fxg4 Rxg4 31. Qxh6+ Rxh6 32. Ne2 Nc5 33. Rf3 Nxa4 34. Ref1 Nh8 35. Kg2 Nc5 36. c4 Rgg6 1/2-1/2

[Event "Brandenburg Seniors op 15th"]
[Site "Rowy"]
[Date "2006.06.25"]
[Round "6"]
[White "Fleiszerowicz, Leopold"]
[Black "Breitling, Winfried"]
[Result "0-1"]
[WhiteElo "1361"]
[BlackElo "1566"]
[PlyCount "75"]
[EventDate "2006.06.19"]
[EventType "swiss"]
[EventRounds "9"]
[EventCountry "POL"]
[SourceTitle "EXT 2007"]
[Source "ChessBase"]
[SourceDate "2006.11.23"]
[SourceVersion "1"]
[SourceVersionDate "2006.11.23"]
[SourceQuality "1"]

1. e4 e5 2. Nf3 Nf6 3. d3 Nc6 4. Be2 Bc5 5. 0-0 0-0 6. c3 d6 7. Bg5 h6 8. Bh4 Bg4 9. a4 a5 10. Nbd2 g5 11. Bg3 Nh5 12. Kh1 Nf4 13. Ng1 Nxe2 14. Nxe2 f5 15. f3 Bh5 16. Ng1 f4 17. Bf2 Bxf2 18. Rxf2 Qd7 19. Qe2 g4 20. g3 fxg3 21. hxg3 Qg7 22. Rg2 Kh7 23. Rf1 Rf6 24. Qe3 Raf8 25. Ne2 gxf3 26. Ng1 fxg2+ 27. Kxg2 Rxf1 28. Nxf1 Qg5 29. Qxg5 hxg5 30. Ne3 Ne7 31. g4 Bf7 32. c4 Ng6 33. Nf5 Nf4+ 34. Kg3 Nxd3 35. Nf3 Kg6 36. Ne7+ Kf6 37. Nd5+ Bxd5 38. cxd5 0-1

[Event "Brandenburg Seniors op 15th"]
[Site "Rowy"]
[Date "2006.06.19"]
[Round "1"]
[White "Dembowski, Andrzej"]
[Black "Fleiszerowicz, Leopold"]
[Result "1-0"]
[WhiteElo "2135"]
[BlackElo "1361"]
[PlyCount "73"]
[EventDate "2006.06.19"]
[EventType "swiss"]
[EventRounds "9"]
[EventCountry "POL"]
[SourceTitle "EXT 2007"]
[Source "ChessBase"]
[SourceDate "2006.11.23"]
[SourceVersion "1"]
[SourceVersionDate "2006.11.23"]
[SourceQuality "1"]

1. Nf3 Nc6 2. d3 d6 3. e4 Bg4 4. Be2 Qd7 5. h3 Bxf3 6. Bxf3 0-0-0 7. Be3 Kb8 8. Nd2 g6 9. c3 Bh6 10. Qe2 Bxe3 11. Qxe3 e5 12. g4 f6 13. 0-0-0 g5 14. h4 Qg7 15. h5 h6 16. Kb1 Qd7 17. d4 Ka8 18. Be2 a6 19. f3 Nb8 20. Nb3 c6 21. Rd2 Qc7 22. Rhd1 Rh7 23. Qd3 Rhd7 24. Qc4 d5 25. exd5 Rxd5 26. Bd3 Ne7 27. Be4 b5 28. Qe2 R5d6 29. c4 bxc4 30. Qxc4 Nc8 31. Qc3 Nb6 32. d5 Ka7 33. dxc6 Rxd2 34. Rxd2 Rxd2 35. Nxd2 Nc8 36. Qc5+ Ka8 37. Nc4 1-0

[Event "Rowy Jantar op"]
[Site "Rowy"]
[Date "2005.06.29"]
[Round "9"]
[White "Prinz, Tade"]
[Black "Fleiszerowicz, Leopold"]
[Result "1-0"]
[WhiteElo "1455"]
[BlackElo "1600"]
[PlyCount "85"]
[EventDate "2005.06.20"]
[EventType "swiss"]
[EventRounds "9"]
[EventCountry "POL"]
[SourceTitle "EXT 2007"]
[Source "ChessBase"]
[SourceDate "2006.11.23"]
[SourceVersion "1"]
[SourceVersionDate "2006.11.23"]
[SourceQuality "1"]

1. b3 d5 2. e3 b6 3. f4 e6 4. Bb2 Nf6 5. Nf3 Bb7 6. Nc3 Be7 7. Ne2 0-0 8. Ng3 Ne4 9. Bd3 Ba6 10. Qe2 Bxd3 11. cxd3 Nxg3 12. hxg3 f6 13. g4 h6 14. g3 c5 15. Nh4 Kf7 16. g5 Ke8 17. Qh5+ Kd7 18. gxh6 gxh6 19. f5 e5 20. Ng6 Re8 21. Qf3 Kc6 22. Rxh6 Nd7 23. g4 Bd6 24. e4 d4 25. Ke2 Nf8 26. Rah1 Nxg6 27. Rxg6 Rh8 28. Rh3 Be7 29. Qg3 Qf8 30. Rxh8 Qxh8 31. Qxe5 Re8 32. Qd5+ Kc7 33. Kd1 Qf8 34. a4 a6 35. e5 Rd8 36. Qe4 Qf7 37. Kc2 b5 38. axb5 axb5 39. exf6 Bxf6 40. g5 Re8 41. Rxf6 Qe7 42. Qc6+ Kb8 43. g6 1-0

[Event "Brandenburg Seniors op 13th"]
[Site "Rowy"]
[Date "2004.06.28"]
[Round "7"]
[White "Fleiszerowicz, Leopold"]
[Black "Breitling, Winfried"]
[Result "1/2-1/2"]
[WhiteElo "1092"]
[BlackElo "1525"]
[PlyCount "91"]
[EventDate "2004.06.21"]
[EventType "swiss"]
[EventRounds "9"]
[EventCountry "POL"]
[SourceTitle "EXT 2006"]
[Source "ChessBase"]
[SourceDate "2005.11.24"]
[SourceVersion "1"]
[SourceVersionDate "2005.11.24"]
[SourceQuality "1"]

1. g3 d5 2. d4 Nf6 3. Bg2 Bf5 4. Nc3 e6 5. Nf3 h6 6. a3 c5 7. e3 Nc6 8. 0-0 a6 9. dxc5 Bxc5 10. b4 Bd6 11. Nd4 Bg6 12. Nxc6 bxc6 13. Bb2 e5 14. f4 e4 15. Qd2 0-0 16. f5 Bh7 17. Ne2 Ng4 18. h3 Be5 19. Bxe5 Nxe5 20. Nd4 Qg5 21. Qf2 Rac8 22. Qf4 Nc4 23. Qxg5 hxg5 24. Kf2 c5 25. Nb3 cxb4 26. g4 bxa3 27. Rfc1 Rc6 28. Bf1 Rfc8 29. Bxc4 Rxc4 30. Nd4 Rc3 31. Ra2 g6 32. f6 Rb8 33. Rca1 Rb6 34. Rxa3 Rxa3 35. Rxa3 Rxf6+ 36. Ke2 Rd6 37. Ra5 f5 38. Rc5 f4 39. Rc6 Rxc6 40. Nxc6 Kf7 41. Nb4 f3+ 42. Kf2 Ke6 43. Nxa6 Ke5 44. c3 Bg8 45. Nb4 Kd6 46. Na6 1/2-1/2

[Event "Brandenburg Seniors op 13th"]
[Site "Rowy"]
[Date "2004.06.23"]
[Round "3"]
[White "Bubka, Stanislaw"]
[Black "Fleiszerowicz, Leopold"]
[Result "1-0"]
[WhiteElo "1800"]
[BlackElo "1092"]
[PlyCount "89"]
[EventDate "2004.06.21"]
[EventType "swiss"]
[EventRounds "9"]
[EventCountry "POL"]
[SourceTitle "EXT 2006"]
[Source "ChessBase"]
[SourceDate "2005.11.24"]
[SourceVersion "1"]
[SourceVersionDate "2005.11.24"]
[SourceQuality "1"]

1. e4 e5 2. Nf3 Nc6 3. Bc4 Nd4 4. Nxe5 Qg5 5. Ng4 d5 6. Bxd5 Qxg4 7. Qxg4 Bxg4 8. Bb3 Nxb3 9. axb3 Bc5 10. c3 0-0-0 11. d4 Bb6 12. f3 Bh5 13. Be3 f6 14. Nd2 Bf7 15. Ke2 a6 16. b4 g5 17. h4 g4 18. fxg4 Ne7 19. Raf1 Ng8 20. g5 Bh5+ 21. Kd3 Rf8 22. e5 f5 23. Nf3 c6 24. Nh2 Ne7 25. g3 Kd7 26. Rf2 Bc7 27. Rhf1 Rf7 28. g4 Bg6 29. h5 Rhf8 30. hxg6 hxg6 31. gxf5 Nxf5 32. Bf4 Ke6 33. Ng4 b6 34. Nh6 Rh7 35. Nxf5 Rxf5 36. Be3 Rxf2 37. Rxf2 Rf7 38. Rf6+ Rxf6 39. exf6 b5 40. Ke4 Bd6 41. Bf4 Bxf4 42. Kxf4 Kd6 43. f7 Ke7 44. Ke5 Kxf7 45. Kd6 1-0

[Event "Brandenburg Seniors op 12th"]
[Site "Rowy"]
[Date "2003.06.18"]
[Round "2"]
[White "Fleiszerowicz, Leopold"]
[Black "Grigoleit, Eckhard"]
[Result "0-1"]
[WhiteElo "1400"]
[BlackElo "1605"]
[PlyCount "97"]
[EventDate "2003.06.??"]
[EventType "swiss"]
[EventRounds "9"]
[EventCountry "POL"]
[SourceTitle "EXT 2006"]
[Source "ChessBase"]
[SourceDate "2005.11.24"]
[SourceVersion "1"]
[SourceVersionDate "2005.11.24"]
[SourceQuality "1"]

1. c4 e5 2. e4 Nf6 3. d3 Nc6 4. Nf3 Bc5 5. h3 d6 6. Bg5 Be6 7. a3 a5 8. Nc3 h6 9. Bd2 g5 10. Nd5 Rg8 11. g4 Kd7 12. Qa4 Ne8 13. Qd1 Ne7 14. b4 Bb6 15. Nxb6+ cxb6 16. b5 Nf6 17. Qb3 Kc8 18. 0-0-0 Qc7 19. Be3 Nd7 20. Kb2 f6 21. Ng1 Nc5 22. Bxc5 bxc5 23. a4 b6 24. Ne2 Ng6 25. Nc3 Nf4 26. Nd5 Nxd5 27. cxd5 Bf7 28. Be2 Kb7 29. Kc3 Rac8 30. Kc4 Rh8 31. Rh2 h5 32. Rdh1 Bg6 33. Qd1 Qf7 34. f3 Rh6 35. Qg1 Rch8 36. Qg2 Qh7 37. Bf1 hxg4 38. fxg4 Rh4 39. Qf3 Qg7 40. Bg2 Rf8 41. Rf1 Be8 42. Rfh1 Bd7 43. Qe2 f5 44. Bf3 fxe4 45. Bxe4 Rf4 46. Rg1 Qh6 47. Rgh1 Rf6 48. Kc3 Be8 49. Bf5 0-1